<?xml version="1.0" encoding="UTF-8"?>
<record
    xmlns:xsi="http://www.w3.org/2001/XMLSchema-instance"
    xsi:schemaLocation="http://www.loc.gov/MARC21/slim http://www.loc.gov/standards/marcxml/schema/MARC21slim.xsd"
    xmlns="http://www.loc.gov/MARC21/slim">

  <leader>00709nam a22001817a 4500</leader>
  <controlfield tag="005">20220326114116.0</controlfield>
  <controlfield tag="008">220326b           ||||| |||| 00| 0 eng d</controlfield>
  <datafield tag="040" ind1=" " ind2=" ">
    <subfield code="c">AL</subfield>
  </datafield>
  <datafield tag="041" ind1=" " ind2=" ">
    <subfield code="a">Kannada</subfield>
  </datafield>
  <datafield tag="082" ind1=" " ind2=" ">
    <subfield code="2">23</subfield>
    <subfield code="a">K894.4</subfield>
    <subfield code="b">VASN</subfield>
  </datafield>
  <datafield tag="100" ind1=" " ind2=" ">
    <subfield code="a">Vasantha Anantha Divanaji &#xCB5;&#xCB8;&#xC82;&#xCA4; &#xC85;&#xCA8;&#xC82;&#xCA4; &#xCA6;&#xCBF;&#xCB5;&#xCBE;&#xCA3;&#xC9C;&#xCBF; </subfield>
    <subfield code="9">26154</subfield>
  </datafield>
  <datafield tag="245" ind1=" " ind2=" ">
    <subfield code="a">Nakshege Yetukada Kadalu &#xCA8;&#xC95;&#xCCD;&#xCB7;&#xCC6;&#xC97;&#xCC6; &#xC8E;&#xC9F;&#xCC1;&#xC95;&#xCA6; &#xC95;&#xCA1;&#xCB2;&#xCC1; </subfield>
  </datafield>
  <datafield tag="260" ind1=" " ind2=" ">
    <subfield code="a">Bengaluru &#xCAC;&#xCC6;&#xC82;&#xC97;&#xCB3;&#xCC2;&#xCB0;&#xCC1; </subfield>
    <subfield code="b">Sahithya Bhandara &#xCB8;&#xCBE;&#xCB9;&#xCBF;&#xCA4;&#xCCD;&#xCAF; &#xCAD;&#xC82;&#xCA1;&#xCBE;&#xCB0; </subfield>
    <subfield code="c">2021</subfield>
  </datafield>
  <datafield tag="300" ind1=" " ind2=" ">
    <subfield code="a">xiv,315 p.</subfield>
    <subfield code="b">PB</subfield>
    <subfield code="c">21x14 cm.</subfield>
  </datafield>
  <datafield tag="365" ind1=" " ind2=" ">
    <subfield code="a">BLCR-000132</subfield>
    <subfield code="b">&#x20B9;256.00</subfield>
    <subfield code="c">&#x20B9;</subfield>
    <subfield code="d">&#x20B9;320.00</subfield>
    <subfield code="e">20%</subfield>
    <subfield code="f">11-03-2022</subfield>
  </datafield>
  <datafield tag="700" ind1=" " ind2=" ">
    <subfield code="a">VASANTHA ANANTHA DIVANAJI</subfield>
    <subfield code="9">26155</subfield>
  </datafield>
  <datafield tag="942" ind1=" " ind2=" ">
    <subfield code="2">ddc</subfield>
    <subfield code="c">BK</subfield>
  </datafield>
  <datafield tag="999" ind1=" " ind2=" ">
    <subfield code="c">222042</subfield>
    <subfield code="d">222042</subfield>
  </datafield>
  <datafield tag="952" ind1=" " ind2=" ">
    <subfield code="0">0</subfield>
    <subfield code="1">0</subfield>
    <subfield code="2">ddc</subfield>
    <subfield code="4">0</subfield>
    <subfield code="7">0</subfield>
    <subfield code="8">KAN</subfield>
    <subfield code="a">AL</subfield>
    <subfield code="b">AL</subfield>
    <subfield code="d">2022-03-12</subfield>
    <subfield code="e">Navakarnataka Publications Pvt.Ltd</subfield>
    <subfield code="g">256.00</subfield>
    <subfield code="l">0</subfield>
    <subfield code="o">K894.4 VASN</subfield>
    <subfield code="p">075692</subfield>
    <subfield code="r">2022-03-26 00:00:00</subfield>
    <subfield code="v">320.00</subfield>
    <subfield code="w">2022-03-26</subfield>
    <subfield code="y">BK</subfield>
  </datafield>
</record>
